Sports Made in Britain - Picture Quiz - Statistics

General Stats
  • This quiz has been taken 39 times
  • The average score is 16 of 20
Answer Stats
Picture Hint Answer % Correct
Originated as a children's game in medieval England Cricket
100%
Modern form codified in Victorian public schools Football
100%
Originated on 15th-century Scotland's East coast Golf
100%
Created at the Victorian school it is named after Rugby
100%
Modern form originated in 19th-century Birmingham Tennis
100%
Developed by officers in mid-1800s British India Badminton
97%
Modern Queensbury rules set in 19th/20th c. England Boxing
97%
Board layout devised in Lancashire in 1896 Darts
97%
Originated in Victorian England as a parlour game Table tennis
97%
Developed on medieval Scottish frozen lochs Curling
95%
First modern example in Bristol, 1979, by Oxonians Bungee jumping
82%
Modern form developed in Victorian Middlesex Hockey
71%
Rules set in 1882 by a British Army officer in India Snooker
71%
Developed by Victorian Brits and a Swiss hotelier Bobsleigh
66%
Double Gloucester chase held annually since 1400s Cheese Rolling
61%
Modern form first codified in Scotland, 1864 Lawn bowls
50%
Invented in 1970s Scotland using a traditional food Haggis Hurling
47%
Highland game developed in 16th century Scotland Caber Toss
45%
Victorian parlour game codified in 50s Cambridge Tiddlywinks
42%
Forerunner of baseball, originated in Tudor England Rounders
37%
No matching quizzes found
Score Distribution
Percent of People with Each Score
Percentile by Number Answered
Your Score History
You have not taken this quiz